| 000 | 00510nam a2200169 4500 | ||
|---|---|---|---|
| 003 | AR-RoIUNI | ||
| 005 | 20251002124322.0 | ||
| 008 | 251002b |||||||| |||| 00| 0 spa d | ||
| 040 | _cAR-RoIUNI | ||
| 080 | _a159.984 | ||
| 100 | _aAsociacion psicoanalitica de Buenos Aires | ||
| 245 |
_aInvestigacion en psicoanalisis _cAsociacion psicoanalitica de Buenos Aires |
||
| 260 |
_aBuenos Aires _bAsociacion psicoanalitica de Buenos Aires _c1997 |
||
| 300 | _a306p | ||
| 650 |
_aPsicologia _9108 |
||
| 942 |
_2cdu _cBK |
||
| 999 |
_c6322 _d6322 |
||